000 00685nam a2200241Ia 4500
005 20260121112540.0
008 6887 260114s9999 xx 000 0 eng d
020 _a9789814271110
037 _aEBOOK
040 _aCRL
_beng
_cCRL
041 _aeng
_2eng
084 _qCRL
100 _aDebarberis Luigi Et Al
_9959397
245 0 _aReactor Dosimetry State of the Art 2008 - Proceedings of the 13Th International Symposium
260 _bWorld Scientific
260 _bWSPC
260 _c2009
650 _aPhysics
_9959398
856 _uhttps://www.worldscientific.com/worldscibooks/10.1142/7240#t=toc
942 _cEBOOK
999 _c1544187
_d1544187